LEADER 01113nam0-22002891i-450- 001 990001721860403321 005 20060324131445.0 035 $a000172186 035 $aFED01000172186 035 $a(Aleph)000172186FED01 035 $a000172186 100 $a20030910d1969----km-y0itay50------ba 101 0 $amul 200 1 $aMulti-lingual poultry dictionary (English - French - German - Spanish)$d= Dictionnaire multilingues de volailles (anglais -francais - allemand - espagnol)$d= Mehrsprachen-geflugel worterbuch (englisch - franzosisch - deutsch - spanisch)$d= Diccionario de avicultura plurilingue (ingles - frances - aleman espanol)$fa cura di Lance A. Forscey 210 $aBologna$cEdagricole$d1969 215 $aIX, 356 p.$d24 cm 610 0 $aAgricoltura - dizionari 610 0 $aAvicoltura 676 $a630.3 702 1$aForscey,$bLance A. 801 0$aIT$bUNINA$gRICA$2UNIMARC 901 $aBK 912 $a990001721860403321 952 $a60 630.3 B 1$b1001$fFAGBC 959 $aFAGBC 996 $aMulti-lingual poultry dictionary (English - French - German - Spanish$9360469 997 $aUNINA LEADER 01292nam 2200445 450 001 9910465243803321 005 20200520144314.0 010 $a1-78525-965-2 035 $a(CKB)3710000000727527 035 $a(MiAaPQ)EBC4732694 035 $a(Au-PeEL)EBL4732694 035 $a(CaPaEBR)ebr11332525 035 $a(OCoLC)954462746 035 $a(EXLCZ)993710000000727527 100 $a20170130h20162016 uy 0 101 0 $aspa 135 $aurcnu|||||||| 181 $2rdacontent 182 $2rdamedia 183 $2rdacarrier 200 10$aHaga usted mismo 25 nuevos modelos de estanterias /$fJoaquin Vilargunter Mun?oz 210 1$a[Barcelona, Spain] :$cDe Vecchi,$d2016. 210 4$dİ2016 215 $a1 online resource (164 pages) 300 $aIncludes index. 311 $a84-315-2458-8 606 $aFurniture making$vAmateurs' manuals 606 $aShelving (Furniture) 608 $aElectronic books. 615 0$aFurniture making 615 0$aShelving (Furniture) 676 $a684.104 700 $aVilargunter Mun?oz$b Joaquin$0944973 801 0$bMiAaPQ 801 1$bMiAaPQ 801 2$bMiAaPQ 906 $aBOOK 912 $a9910465243803321 996 $aHaga usted mismo 25 nuevos modelos de estanterias$92133378 997 $aUNINA